000 00522nam a22001817a 4500
003 NUST - PNEC
005 20170116180820.0
008 150519b xxu||||| |||| 00| 0 eng d
020 _a-
040 _cLIBRARY
082 _a355.9549 SHA
100 _93617
_aShaukat Riza
245 _aThe Pakistan Army 1947-1949
_cMaj. Gen (Retd) Shaukat Riza
260 _aLahore:
_bService Books Club,
_c1989
300 _avarious pagings . :
_c22 cm.
_bmaps
650 _93618
_aPakistan, History of Army
_xGeneral
942 _2ddc
_cBK
999 _c63680
_d63680